000 00855nam a22002537a 4500
999 _c121187
_d121187
001 K11``87
008 160218b xxu||||| |||| 00| 0 eng d
020 _a9781527252691
041 _aeng
110 _aIPUT
245 _aShaping our cities
_bHow digital technology is disrupting local real estate
260 _aDublin
_bIput
_c2019
300 _a41p
520 _aLooks at how the commercial real estate industry is changing and explores how new business models will enable digital technology within buildings to create value.
650 _aCommercial property
650 _aCities
650 _aPlacemaking
650 _aResponsible business
651 _aIreland
651 _aClimate change
690 _96274
_aPropTech
856 _uhttps://www.iput.ie/pdf/2019/IPUT-Arup-Shaping-Our-Cities.pdf
_zView at iput.ie
942 _n0